Score 0/33 Timer 05:00
2 Plays Today
% Correct
Movie
91.4%
Book
91.3%
Number
91%
Last
90.4%
Space
89.5%
Run
87.2%
Away
86.2%
Fire
85.9%
Days
83.3%
Night
83.3%
Sun
82.6%
Ghost
81.6%
Gate
78.4%
Baby
78.4%
Some
78%
Private
76.5%
Home
76.5%
% Correct
Play
76.1%
Four
75.8%
Life
75.3%
Planet
73%
Dark
72.4%
Crime
70.3%
Child
69.5%
West
69.3%
Gun
69.2%
Cat
68.4%
Son
68.2%
Cold
67.6%
Hill
66.9%
Chocolate
63.8%
Moon
61.8%
Hard
59.5%
Remove Ads.
Support Sporcle.
Get the best of Sporcle when you Go Orange. This ad-free experience offers more features, more stats, and more fun while also helping to support Sporcle. Thank you for becoming a member.

You're not logged in!

Compare scores with friends on all Sporcle quizzes.
OR
Log In

Show Comments

Extras

Top Quizzes Today


Score Distribution

Your Account Isn't Verified!

In order to create a playlist on Sporcle, you need to verify the email address you used during registration. Go to your Sporcle Settings to finish the process.

Report this User

Report this user for behavior that violates our Community Guidelines.

Details: